Battaglioni alpini nella prima guerra mondiale - Statistics

Statistiche generali
  • Questo quiz è stato fatto 18 volte
  • Il punteggio medio è 16 su 88
Statistiche sulle risposte
Reggimenti alpini Battaglioni alpini % Corretto
Battaglione "Monte Cervino"
50%
Battaglione "Morbegno"
50%
Battaglione "Val Tagliamento"
50%
Battaglione "Verona"
50%
Battaglione "Aosta"
40%
Battaglione "Ivrea"
40%
Battaglione "Mondovì"
40%
Battaglione "Monte Rosa"
40%
Battaglione "Pinerolo"
40%
Battaglione "Cuneo"
30%
Battaglione "Edolo"
30%
Battaglione "Gemona"
30%
Battaglione "Intra"
30%
Battaglione "Monte Nero"
30%
Battaglione "Monte Pasubio"
30%
Battaglione "Monte Stelvio"
30%
Battaglione "Pieve di Cadore"
30%
Battaglione "Susa"
30%
Battaglione "Tirano"
30%
Battaglione "Tolmezzo"
30%
Battaglione "Val Chiese"
30%
Battaglione "Val Cismon"
30%
Battaglione "Val Piave"
30%
Battaglione "Vestone"
30%
Battaglione "Vicenza"
30%
Battaglione "Belluno"
20%
Battaglione "Borgo San Dalmazzo"
20%
Battaglione "Cividale"
20%
Battaglione "Exilles"
20%
Battaglione "Feltre"
20%
Battaglione "Fenestrelle"
20%
Battaglione "Monte Adamello"
20%
Battaglione "Monviso"
20%
Battaglione "Pallanza"
20%
Battaglione "Saluzzo"
20%
Battaglione "Val d'Adige"
20%
Battaglione "Val d'Orco"
20%
Battaglione "Val Natisone"
20%
Battaglione "Bassano"
10%
Battaglione "Ceva"
10%
Battaglione "Courmayeur"
10%
Battaglione "Dronero"
10%
Battaglione "Moncenisio"
10%
Battaglione "Monte Albergian"
10%
Battaglione "Monte Antelao"
10%
Battaglione "Monte Argentera"
10%
Battaglione "Monte Arvenis"
10%
Battaglione "Monte Assietta"
10%
Battaglione "Monte Baldo"
10%
Battaglione "Monte Berico"
10%
Battaglione "Monte Bicocca"
10%
Battaglione "Monte Canin"
10%
Battaglione "Monte Cavento"
10%
Battaglione "Monte Clapier"
10%
Battaglione "Monte Granero"
10%
Battaglione "Monte Levanna"
10%
Battaglione "Monte Mandrone"
10%
Battaglione "Monte Marmolada"
10%
Battaglione "Monte Matajur"
10%
Battaglione "Monte Mercantour"
10%
Battaglione "Monte Ortler"
10%
Battaglione "Monte Pavione"
10%
Battaglione "Monte Pelmo"
10%
Battaglione "Monte Saccarello"
10%
Battaglione "Monte Spluga"
10%
Battaglione "Monte Suello"
10%
Battaglione "Monte Tonale"
10%
Battaglione "Pieve di Teco"
10%
Battaglione "Sette Comuni"
10%
Battaglione Val Baltea"
10%
Battaglione "Val Brenta"
10%
Battaglione "Valcamonica"
10%
Battaglione "Val Cenischia"
10%
Battaglione "Val Chisone"
10%
Battaglione "Val Cordevole"
10%
Battaglione "Val d'Intelvi"
10%
Battaglione "Val Dora"
10%
Battaglione "Val Ellero"
10%
Battaglione "Val Fella"
10%
Battaglione "Valle Arroscia"
10%
Battaglione "Val Leogra"
10%
Battaglione "Val Maira"
10%
Battaglione "Val Pellice"
10%
Battaglione "Val Stura"
10%
Battaglione "Val Tanaro"
10%
Battaglione "Valtellina"
10%
Battaglione "Val Toce"
10%
Battaglione "Val Varaita"
10%
Nessun quiz corrispondente trovato
Distribuzione punteggi
Percentuale di utenti per punteggio
Percentile per numero di risposta
I tuoi punteggi nel tempo
Non hai fatto questo quiz